000 01038nam a2200349 a 4500
003 AR-BaBNM
005 20251128210755.0
008 082120s2002 ||||||||||||||000 | spa||
040 _cAR-BaBNM
100 1 _aVega Faundez, Abraham
245 0 0 _aGuía metodológica de educación ambiental para el recurso del agua
250 _a2ª ed.
260 _aSantiago
_bMinisterio de Educación
_c1999
300 _a67 p.
_bil., tablas
500 _aContiene glosario y referencias bibliográficas
650 4 _aEDUCACION AMBIENTAL
650 4 _aLIBROS DE TEXTO
650 4 _aACTIVIDADES DE APRENDIZAJE
650 4 _aRECURSOS NATURALES
650 4 _aAGUA
650 4 _aCONTAMINACION DEL AGUA
650 4 _aMETODOS DE ENSEÑANZA
650 4 _aEVALUACION
651 4 _aChile
653 _aSEGUNDO CICLO DE LA EGB
653 _aTERCER CICLO DE LA EGB
653 _aUNIDADES DIDACTICAS
700 1 _aValenzuela Horta, Ricardo
710 1 _aChile
_bComisión Nacional de Medio Ambiente
942 _cBK
998 _cRAQUEL
999 _c16844
_d16844